Research methods for business students

Gespeichert in:
Bibliographische Detailangaben
1. Verfasser: Saunders, Mark
Weitere Verfasser: Lewis, Philip, Thornhill, Adrian
Format: Buch
Sprache:Englisch
Veröffentlicht: Harlow Pearson 2012
Ausgabe:6th ed.
Schriftenreihe:Always learning
Schlagworte:
Tags: Tag hinzufügen
Keine Tags, Fügen Sie das erste Tag hinzu!

MARC

LEADER 00000nam a2200000 4500
001 0178528
005 20240311125328.9
020 |a 978-0-273-75075-8 
041 0 |a eng 
044 |a GB 
245 1 0 |a Research methods for business students  |c Mark Saunders, Philip Lewis, Adrian Thornhill 
250 |a 6th ed. 
264 1 |a Harlow  |b Pearson  |c 2012 
300 |a xxxi, 696 s. 
490 1 |a Always learning 
830 0 |a Always learning 
610 2 0 |a výskum podnikový 
610 2 0 |a podnikanie 
610 2 0 |a štúdie prípadové 
610 2 0 |a dáta 
610 2 0 |a metódy výskumu 
610 2 0 |a interview 
610 2 0 |a dotazníky 
610 2 0 |a analýzy 
610 2 0 |a získavanie informácií 
610 2 0 |a projekty 
610 2 0 |a prezentácia 
100 1 |a Saunders, Mark 
700 1 |a Lewis, Philip 
700 1 |a Thornhill, Adrian